Food colours, flavours and additives technology hand book / (Record no. 135482)

MARC details
000 -LEADER
fixed length control field 00688nam a22002177a 4500
005 - DATE AND TIME OF LATEST TRANSACTION
control field 20170124110245.0
010 ## - LIBRARY OF CONGRESS CONTROL NUMBER
LC control number B-209663
020 ## - INTERNATIONAL STANDARD BOOK NUMBER
Terms of availability 1000.00
International Standard Book Number 8186623760
035 ## - SYSTEM CONTROL NUMBER
System control number B-209663
037 ## - SOURCE OF ACQUISITION
Source of stock number/acquisition Cen Lib/Ret
040 ## - CATALOGING SOURCE
Original cataloging agency DPL
Language of cataloging EN
082 ## - DEWEY DECIMAL CLASSIFICATION NUMBER
Classification number 664.06
Item number FOO
110 ## - MAIN ENTRY--CORPORATE NAME
Corporate name or jurisdiction name as entry element Delhi.National Institute of Industrial Research
9 (RLIN) 97355
245 ## - TITLE STATEMENT
Title Food colours, flavours and additives technology hand book /
260 ## - PUBLICATION, DISTRIBUTION, ETC. (IMPRINT)
Place of publication, distribution, etc Delhi
Name of publisher, distributor, etc National Institute of Industrial Research
270 ## - ADDRESS
City Delhi
Address 106-E, Kamla Nagar
Postal code 110007
300 ## - PHYSICAL DESCRIPTION
Extent iii,589p.
Dimensions 20cm(pbk)
650 ## - SUBJECT ADDED ENTRY--TOPICAL TERM
Topical term or geographic name as entry element Color of food.
9 (RLIN) 97356
650 ## - SUBJECT ADDED ENTRY--TOPICAL TERM
Topical term or geographic name as entry element Food additives.
9 (RLIN) 33167
942 ## - ADDED ENTRY ELEMENTS (KOHA)
Source of classification or shelving scheme Dewey Decimal Classification
Koha item type English Books
Classification part 664.06
Call number suffix FOO
Holdings
Withdrawn status Lost status Damaged status Not for loan Home library Current library Date acquired Source of acquisition Cost, normal purchase price Total Checkouts Full call number Barcode Date last seen Copy number Cost, replacement price Price effective from Koha item type
        Central Library Central Library 06/10/2015 Cen Lib/Ret 0.00   664.06 FOO B-209663 06/10/2015 1 0.00 06/10/2015 English Books

© Delhi Public Library
Hit Counter
free hit counter